| 000 | 00401nam a22001457a 4500 | ||
|---|---|---|---|
| 020 | _a9780521540865 | ||
| 040 | _cNust | ||
| 082 |
_a519.40285 _bHUN |
||
| 100 |
_aHunt,. R Brian _9124022 |
||
| 110 |
_aLipsman, L Ronald, Rosenberg, . M Jonathan _9124023 |
||
| 245 | _aA Guide to MATLAB | ||
| 260 |
_aUK: _bCambridge University Press, _c2006. |
||
| 650 |
_aA Guide to MATLAB _9122571 |
||
| 942 |
_2ddc _cBK |
||
| 999 |
_c610001 _d610001 |
||